000
00328nam a2200145Ia 4500
008
150201s1996 xx 000 0 und d
082
_a
612.015
_b
B96W
100
_a
WEST,ES
245
_a
TB OF BIOCHEMISTRY
250
_a
4TH
260
_b
OXFORD
_a
DELHI
_c
1996
300
_a
1-1595
650
_a
BIOCHEMISTRY
942
_2
ddc
_c
BK
_0
1
999
_c
404
_d
404